|
|
|
|
| LEADER |
00000nam a22000007a 4500 |
| 005 |
2012062104214.0 |
| 007 |
cr|||| |||| |
| 008 |
120621s2010 co |||||s|||| 00||0 spa d |
| 020 |
|
|
|a 978-958-738-129-0
|
| 035 |
|
|
|a 6380
|
| 040 |
|
|
|a vLex
|
| 090 |
|
|
|c 3226
|d 3226
|
| 100 |
1 |
|
|a Cante, Fredy
|
| 245 |
1 |
0 |
|a Libertades individuales y accin̤ colectiva
|h [Recurso electrn̤ico] /
|c Freddy Cante
|
| 256 |
|
|
|a Servicio en ln̕ea
|
| 260 |
|
|
|a Bogot ̀:
|b Editorial Universidad de Rosario (Colombia),
|c 2010
|
| 300 |
|
|
|a 1 recurso electrn̤ico
|
| 506 |
1 |
|
|a Contenido solo disponible en los productos indicados
|d vLex Global
|d vLex Global (Academic Edition, excluding Law Schools)
|d vLex Global (U.S. Academic Edition, Law Schools)
|d vLex Global (U.S. Academic Edition, excluding Law Schools)
|d vLex Global (Academic Edition, Law Schools)
|
| 650 |
0 |
4 |
|a Derechos civiles
|z Colombia
|
| 650 |
0 |
4 |
|a Accin̤ civil
|z Colombia
|
| 740 |
0 |
|
|a vLex Libros (Servicio en ln̕ea)
|
| 856 |
4 |
0 |
|u http://vlex.com/source/libertades-individuales-accion-colectiva-6380
|z Acceso restringido
|
| 942 |
|
|
|c BOOK
|
| 999 |
0 |
|
|a Civil rights
|